| 000 | 00415pab a2200157 454500 | ||
|---|---|---|---|
| 008 | 180718b2007 xxu||||| |||| 00| 0 eng d | ||
| 100 | _aPrashant Kumar | ||
| 245 | _aThe state, goons, spectators and a rebel | ||
| 260 | _c2007 | ||
| 300 | _ap.279-80. | ||
| 362 | _a27 Jan | ||
| 650 | _aUniversities - India - Uttar Pradesh | ||
| 650 | _aUniversities | ||
| 773 | _aEconomic and Political Weekly | ||
| 909 | _a73198 | ||
| 999 |
_c73198 _d73198 |
||